AFL All-Australian 2024 Team - Statistics

General Stats
  • This quiz has been taken 29 times
  • The average score is 30 of 44
Answer Stats
Hint Answer % Correct
Fremantle Caleb Serong
100%
Collingwood Darcy Cameron
100%
Geelong Jeremy Cameron
100%
Collingwood Nick Daicos
100%
Carlton (V-Capt.) Patrick Cripps
100%
Brisbane Lions Lachie Neale
94%
Essendon Zach Merrett
94%
Brisbane Lions Dayne Zorko
89%
Port Adelaide Zak Butters
89%
Fremantle Andrew Brayshaw
83%
Sydney Chad Warner
83%
Carlton Charlie Curnow
83%
Sydney Errol Gulden
83%
Brisbane Lions Harris Andrews
83%
North Melbourne Harry Sheezel
83%
Sydney Isaac Heeney
83%
Fremantle Luke Ryan
83%
Melbourne Max Gawn
83%
GWS Giants Jesse Hogan
78%
Western Bulldogs (Capt.) Marcus Bontempelli
78%
North Melbourne Tristan Xerri
78%
Hawthorn Dylan Moore
72%
Carlton Jacob Weitering
72%
West Coast Jake Waterman
67%
Port Adelaide Jason Horne-Francis
67%
Carlton Harry McKay
61%
West Coast Jeremy McGovern
61%
GWS Giants Lachie Whitfield
61%
Gold Coast Noah Anderson
61%
Western Bulldogs Adam Treloar
56%
St Kilda Jack Sinclair
56%
Hawthorn James Sicily
56%
Brisbane Lions Joe Daniher
56%
Fremantle Jordan Clark
56%
Sydney Nick Blakey
56%
Western Bulldogs Bailey Dale
44%
Brisbane Lions Cam Rayner
39%
Port Adelaide Dan Houston
39%
Fremantle Hayden Young
39%
Geelong Max Holmes
39%
Gold Coast Sam Collins
39%
Geelong Tyson Stengle
39%
GWS Giants Brent Daniels
28%
Hawthorn Massimo D'Ambrosio
22%
No matching quizzes found
Score Distribution
Percent of People with Each Score
Percentile by Number Answered
Your Score History
You have not taken this quiz